Ante el vacio existencial: hacia una humanización de la psicoterapia
Saved in:
| Main Author: | |
|---|---|
| Format: | Book |
| Language: | Spanish |
| Published: |
Barcelona
Herder
1990
|
| Series: | Biblioteca de psicología, 54
|
| Subjects: | |
| Tags: |
Add Tag
No Tags, Be the first to tag this record!
|
MARC
| LEADER | 00000nam a2200000 a 4500 | ||
|---|---|---|---|
| 001 | UCW5875 | ||
| 003 | CL-VaPUC | ||
| 008 | 910819e19900000SP |||||||||||||||||spa|d | ||
| 082 | 0 | 4 | |a 616.8914 |b FRA |2 21 |
| 100 | 0 | |a Frankl, Viktor E |e author |9 310941 | |
| 245 | 1 | 0 | |a Ante el vacio existencial: hacia una humanización de la psicoterapia |
| 300 | |a 152 p | ||
| 942 | |c BK | ||
| 945 | |d 19910819 00:00:00 |a rbrito | ||
| 260 | |a Barcelona |b Herder |c 1990 | ||
| 650 | 7 | |a PSICOTERAPIA |2 CL-VaPUC |9 310942 | |
| 650 | 0 | |a Logoterapia |9 307575 | |
| 583 | |a last modification |c 19910819 00:00:00 |k Rodrigo Vera | ||
| 490 | 0 | |a Biblioteca de psicología, 54 | |
| 999 | |c 219185 |d 219183 | ||
| 952 | |0 0 |1 0 |4 0 |6 616_891400000000000_FRA_1990 |7 0 |8 A |9 209778 |a BIBEDU |b BIBEDU |d 2019-11-15 |i 2776588 |o 616.8914 FRA 1990 |p 2776588 |r 2019-11-15 |w 2019-11-15 |y BK |k EDU | ||
| 952 | |0 0 |1 0 |4 0 |6 616_891400000000000_FRA_1990 |7 0 |8 A |9 209779 |a BIBTEO |b BIBTEO |d 2019-11-15 |i 2024225 |o 616.8914 FRA 1990 |p 2024225 |r 2025-01-17 |w 2019-11-15 |y BK |k ICR | ||